HVAC and refrigeration preventive maintenance / (Record no. 19062)
[ view plain ]
| 000 -LEADER | |
|---|---|
| fixed length control field | 00927nam a22002658i 4500 |
| 001 - CONTROL NUMBER | |
| control field | 016945720 |
| 003 - CONTROL NUMBER IDENTIFIER | |
| control field | OSt |
| 005 - DATE AND TIME OF LATEST TRANSACTION | |
| control field | 20150318115136.0 |
| 008 - FIXED-LENGTH DATA ELEMENTS--GENERAL INFORMATION | |
| fixed length control field | 141105s2014 enk 000|0|eng|d |
| 020 ## - INTERNATIONAL STANDARD BOOK NUMBER | |
| International Standard Book Number | 9780071825658 (hbk.) |
| 020 ## - INTERNATIONAL STANDARD BOOK NUMBER | |
| International Standard Book Number | 0071825657 |
| 040 ## - CATALOGING SOURCE | |
| Original cataloging agency | StDuBDS |
| Language of cataloging | eng |
| Transcribing agency | StDuBDS |
| 082 00 - DEWEY DECIMAL CLASSIFICATION NUMBER | |
| Classification number | 697.00288 |
| Edition number | 22 |
| Item number | KLE |
| 100 1# - MAIN ENTRY--PERSONAL NAME | |
| Personal name | Kleinert, Eric, |
| 245 10 - TITLE STATEMENT | |
| Title | HVAC and refrigeration preventive maintenance / |
| Statement of responsibility, etc | Eric Kleinert. |
| 260 ## - PUBLICATION, DISTRIBUTION, ETC. (IMPRINT) | |
| Place of publication, distribution, etc | New York : |
| Name of publisher, distributor, etc | McGraw-Hill Education, |
| Date of publication, distribution, etc | c.2015. |
| 300 ## - PHYSICAL DESCRIPTION | |
| Extent | xiv, 386 p. ; |
| Dimensions | 24 cm. |
| 650 #0 - SUBJECT ADDED ENTRY--TOPICAL TERM | |
| Topical term or geographic name as entry element | Heating |
| General subdivision | Equipment and supplies |
| -- | Maintenance and repair. |
| 650 #0 - SUBJECT ADDED ENTRY--TOPICAL TERM | |
| Topical term or geographic name as entry element | Ventilation |
| General subdivision | Equipment and supplies |
| -- | Maintenance and repair. |
| 650 #0 - SUBJECT ADDED ENTRY--TOPICAL TERM | |
| Topical term or geographic name as entry element | Air conditioning |
| General subdivision | Equipment and supplies |
| -- | Maintenance and repair. |
| 650 #0 - SUBJECT ADDED ENTRY--TOPICAL TERM | |
| Topical term or geographic name as entry element | Refrigeration and refrigerating machinery |
| General subdivision | Maintenance and repair. |
| 653 ## - INDEX TERM--UNCONTROLLED | |
| Resource For college | Engineering, Mechanical |
| Arrived date list | March2015 |
| 655 ## - INDEX TERM--GENRE/FORM | |
| Form subdivision | |
| -- | 34232 |
| 942 ## - ADDED ENTRY ELEMENTS (KOHA) | |
| Source of classification or shelving scheme | Dewey Decimal Classification |
| Withdrawn status | Item status | Source of classification or shelving scheme | Damaged status | Not for loan | Vendor | Home library | Current library | Shelving location | Date acquired | Source of acquisition | Cost, normal purchase price | Total Checkouts | Full call number | Barcode | Date last seen | Cost, replacement price | Koha item type |
|---|---|---|---|---|---|---|---|---|---|---|---|---|---|---|---|---|---|
| Dewey Decimal Classification | Baccah | Central Library | Central Library | First floor | 18/03/2015 | 320.00 | 697.00288 KLE | 000037627 | 15/07/2025 | 400.00 | Book - Borrowing |